000
00277nam a22001337a 4500
008
221109b ||||| |||| 00| 0 eng d
041
_a
eng
080
_a
781
082
_a
781 ARI
100
_a
20.1
101
_a
MUZIK
245
_a
ARISTOTLE
_c
ARISTOTLE
942
_2
udc
_c
BK
999
_c
58830
_d
58830